000 01307nam a22002777a 4500
005 20170323115940.0
008 140714b xxu||||| |||| 00| 0 Urdu d
010 _aUR-8546 B-548252 B-665917
020 _c150.00
_a9788180422843
035 _aU-710 B-548252 B-665917
037 _bBPPD/Publishers/Venders
037 _bDBAD/Pub.
037 _bStar Pub.(Vend.)/Modern Pub.(Pub.)
040 _aDPL
_bUrdu
082 _a842
100 _aقا ضی مشتا ق ا حمد
245 _aمر ز ا غا لب کی حو يلی اور د يگر د و ڈ ر ا مے
_cقا ضی مشتا ق ا حمد
246 _aMirza GHalib ki Haveli aur Deegar do Drame
_bby Qazi Mushtaq Ahmed
260 _bModern Publishing House
_bStar Publications.( Vender)
_c2013
260 _a4/5Asaf Ali Road,New Delhi-110002
270 _a9-گو لا ما ر کيٹ،د ر يا گنج
_b نئ دھلی
_e110002
_k01123278869
300 _a160ص
_c22Cm(Pb)
942 _2ddc
_cUR
_mق ا ض
_h842
999 _c87724
_d87724